Szczegóły MARC21

Środowisko szkolne a rozwój teorii umysłu u dzieci w młodszym wieku szkolnym : badanie podłużne uczniów z niepełnosprawnością i bez niepełnosprawności /

003 -Nazwa inst., której nr kontr. jest w polu 001 [,]
    • @
    • Nazwa instytucji, której n kontrolny jest w polu 001
    • NUKAT
005 -DATA I CZAS OSTATNIEJ MODYFIKACJI [,]
    • @
    • pole kontrolne
    • 20241231100150.0
020 -Międzynarod. znormalizowany nr książki - ISBN [ , ]
    • a
    • Numer ISBN
    • 9788301204600 Find
040 -Instytucja sporządzająca opis [ , ]
    • a
    • Instytucja, która sporządziła opis (NP)
    • SIEDL 001/WST
    • b
    • Język katalogowania
    • pol
    • e
    • Zasady katalogowania
    • rda
    • c
    • Instytucja, która sporządziła rekord (NP)
    • SIEDL 001/WST
    • d
    • Instytucja, która zmodyfikowała rekord (P)
    • GD U/AEKs
    • d
    • Instytucja, która zmodyfikowała rekord (P)
    • WR O/GW
942 -Rodzaj dokumentu [ , ]
    • c
    • Rodzaj dokumentu
    • Książka
100 -Hasło główne - nazwa osobowa [1, ]
    • a
    • Nazwa osobowa (NP)
    • Smogorzewska, Joanna.
    • e
    • Rodzaj współpracy
    • Autor
    • 9
    • KHW
    • 488935
245 -Strefa tytułu i oznaczenia odpowiedzialności [1,0]
    • a
    • Tytuł
    • Środowisko szkolne a rozwój teorii umysłu u dzieci w młodszym wieku szkolnym : Find
    • b
    • Ciąg dalszy tytułu (NP)
    • badanie podłużne uczniów z niepełnosprawnością i bez niepełnosprawności / Find
    • c
    • Pozostałe elementy strefy tytułu i oznaczenia odpowiedzialności (NP)
    • Joanna Smogorzewska.
260 -Strefa adresu wydawniczego [ , ]
    • a
    • Miejsce wydania (P)
    • Warszawa :
    • b
    • Nazwa wydawcy (P)
    • Wydawnictwo Naukowe PWN :
    • b
    • Nazwa wydawcy (P)
    • Magdalena Ścibor,
    • c
    • Data wydania (P)
    • copyright 2019.
300 -Strefa opisu fizycznego [ , ]
    • a
    • Określenie formy książki i/lub objętość (NP)
    • 287 stron :
    • b
    • Oznaczenie ilustracji (NP)
    • ilustracje ;
    • c
    • Format (NP)
    • 24 cm.
336 -Typ zawartości [ , ]
    • a
    • Termin opisujący typ zawartości
    • Tekst
    • b
    • Kod określający zawartość
    • txt
    • 2
    • Źródło (terminu i kodu)
    • rdacontent
337 -Typ mediów [ , ]
    • a
    • Tryb odtwarzania
    • Bez urządzenia pośredniczącego
    • b
    • Kod typu mediów
    • n
    • 2
    • Źródło (terminu i kodu)
    • rdamedia
338 -Typ/rodzaj nośnika [ , ]
    • a
    • Hasło opisujące typ nośnika
    • Wolumin
    • b
    • Kod typu nośnika
    • nc
    • 2
    • Źródło (terminu i kodu)
    • rdacarrier
504 -Uwaga dot. bibliogr. załącznikowej [ , ]
    • a
    • Uwaga dot. bibliografii załącznikowej
    • Bibliografia na stronach 226-265.
536 -Uwaga dot. finansowania książki [ , ]
    • a
    • Tekst uwagi
    • Publikacja została sfinansowana z grantu Narodowego Centrum Nauki
    • d
    • Numer programu, zadania, pracy
    • (2014/13/B/HS6/02663) pt. "Forma kształcenia a trajektorie rozwoju teorii umysłu"
650 -Hasło przedmiotowe [ ,7]
    • a
    • Hasło przedmiotowe
    • Teoria umysłu u dzieci.
    • 2
    • Źródło terminu
    • kaba
    • 9
    • KHW
    • 162874
650 -Hasło przedmiotowe [ ,7]
    • a
    • Hasło przedmiotowe
    • Środowisko szkolne
    • x
    • Określnik rzeczowy
    • aspekt psychologiczny.
    • 2
    • Źródło terminu
    • kaba
    • 9
    • KHW
    • 364956
700 -Hasło dodatkowe - nazwa osobowa [1, ]
    • a
    • Nazwa osobowa (NP)
    • Ścibor, Magdalena. Find
    • e
    • Określenie rodzaju współpracy
    • Wydawca
    • 9
    • KHW
    • 459643
710 -Hasło dodatkowe - nazwa ciała zbiorowego [2, ]
    • a
    • Nazwa ciała zbiorowego lub nazwa geograficzna jako pierwszy element (NP)
    • Wydawnictwo Naukowe PWN.
    • e
    • Rodzaj współpracy
    • Wydawca
    • 4
    • Kod relacji
    • pbl
    • 9
    • KHW
    • 52648
920 -ISBN [ , ]
    • a
    • ISBN
    • 978-83-01-20460-0 Find
Data inwentaryzacji Lokalizacja Status udost. Numer inwentarzowy
2019-04-17BG1Z.123584